| 000 | 00475nam a2200181Ia 4500 | ||
|---|---|---|---|
| 008 | 200601s9999 xx 000 0 und d | ||
| 020 | _a0-375-71987-3 | ||
| 050 | _aREF PE 1591 | ||
| 050 | _b.R36 2002 | ||
| 245 | 0 | _aRanhom House Roget's school & office thesaurus / | |
| 250 | _a2nd Edition | ||
| 260 | _aNew York : | ||
| 260 | _bRandom House, | ||
| 260 | _c2002 | ||
| 300 | _a609 pages : | ||
| 300 | _c21 cm. | ||
| 650 | _aEnglish language -- Synoymns and antonyms. | ||
| 999 |
_c363399 _d363399 |
||